| 000 | 00748nam a2200217 a 4500 | ||
|---|---|---|---|
| 001 | 5019 | ||
| 003 | CDMR | ||
| 005 | 20131129095402.0 | ||
| 008 | 130130s1991||||||||||||||||||||||||||||d | ||
| 040 |
_aCDMR _bcat _cCDMR |
||
| 245 | 3 |
_aLa construcció d'un espai català de comunicació _cdirector: Josep Gifreu ; coordinació: Maria Corominas ; documentació: Ernest Abadal |
|
| 260 |
_aBarcelona _c1991 |
||
| 300 | _a3 v. | ||
| 650 | 0 | 4 |
_91448 _aMitjans de comunicació de massa _zCatalunya |
| 650 | 0 | 4 |
_94398 _aCatalunya _xPolítica de la comunicació |
| 700 | 1 |
_9366 _aGifreu, Josep _edir. |
|
| 700 | 1 |
_92139 _aCorominas, Maria _ecoor. |
|
| 700 | 1 |
_91541 _aAbadal, Ernest |
|
| 710 | 1 |
_9304 _aCentre d'Investigació de la Comunicació |
|
| 942 |
_cMON _2udc |
||
| 999 |
_c5019 _d5019 |
||